| 000 | 01271 a2200229 4500 | ||
|---|---|---|---|
| 001 | 31887 | ||
| 005 | 20260407155621.0 | ||
| 008 | 260407a1965 arg spa d | ||
| 003 | AR-UNSa-BCEJYS | ||
| 040 |
_aAR-UNSa-BCEJYS _bspa _cAR-UNSa-BCEJYS |
||
| 080 |
_a658.01 _xMetodología. Teoría y práctica de la organización( teoria de la organización, análisis organizacional...) |
||
| 245 | 1 | 0 | _aTeoria de las decisiones economicas en la empresa |
| 264 | 1 |
_aMéxico : _bHerrero Hermanos Sucesores _c1965 |
|
| 300 |
_a392 p. _c23 cm. |
||
| 505 | _a1. Introducción - 2. Antecedentes de la teoria behaviorista de la empresa - 3. Los fines de la organización - 4. Las expectativas organizativas - 5. La elección en la organización - 6. Resumen de los conceptos básicos de la teoría behaviorista de la empresa - 7. Un modelo concreto del precio y de la cantidad - 8.Un modulo general de la determinación del precio y de la cantidad - 9. Un modelo de comportamiento racional en la administración de empresas - 10. Modelo de un banco de inversiones - 11. Algunas implicaciones. | ||
| 041 | _aspa | ||
| 942 | _cBK | ||
| 590 | _aniveau_biblio:m niveau_hierar:0 | ||
| 100 | 1 | _aBarinaga Blanco, Jose Luis | |
| 700 | 1 | _aCyert, Richard M. | |
| 700 | 1 | _aMarch, James Gary | |
| 999 |
_c2224 _d2224 |
||